Applied psychophysiology and biofeedback
| Previous Title: | Biofeedback and self-regulation |
|---|---|
| Corporate Author: | |
| Format: | Electronic Journal |
| Language: | English |
| Published: |
New York :
Plenum Press,
©1997-
New York : Kluwer Academic/Plenum Publishers New York : Springer US |
| Subjects: | |
| Online Access: | Full text available from Research Library: 03/01/1997 to 1 year ago |
MARC
| LEADER | 00000nas a2200000 a 4500 | ||
|---|---|---|---|
| 001 | ssj0009691 | ||
| 003 | WaSeSS | ||
| 005 | 20200512172242.0 | ||
| 006 | m d | ||
| 007 | cr n | ||
| 008 | 000630c19979999nyuqr pss 0 a0eng c | ||
| 010 | |a 2004233381 | ||
| 016 | 7 | |a 2014916-5 |2 DE-600 | |
| 016 | 7 | |a 012432086 |2 Uk | |
| 022 | |a 1573-3270 |l 1090-0586 |y 1090-0586 | ||
| 035 | |a (WaSeSS)ssj0009691 | ||
| 040 | |a F#A |b eng |e pn |c F#A |d OCLCQ |d MUQ |d OCLCQ |d GUA |d FQM |d NSD |d OCLCQ |d BUF |d AU@ |d FJM |d OCLCE |d OCLCO |d MYG |d OCLCO |d OCLCQ |d OCLCO |d OCLCF |d OCLCO |d OCLCQ |d OCLCO |d WT2 |d OCLCQ |d OCLCO |d OCLCQ |d OCLCA |d APUMS |d OCLCQ |d OCLCO |d WYU |d UKMGB |d U3W |d OCLCO |d AUD |d OCLCA |d VT2 |d OCLCO |d OCLCA |d DLC |d OCLCO |d NJT |d OCLCO |d RDF |d SFB |d OCLCA |d OCLCQ |d OCLCA |d OCLCQ |d WaSeSS | ||
| 042 | |a pcc | ||
| 050 | 0 | 0 | |a BF319.5.B5 |
| 060 | 0 | 0 | |a W1 |b BI664R |
| 082 | 0 | 4 | |a 615.851 |
| 130 | 0 | |a Applied psychophysiology and biofeedback (Online) | |
| 245 | 1 | 0 | |a Applied psychophysiology and biofeedback |h [electronic resource]. |
| 260 | |a New York : |b Plenum Press, |c ©1997- | ||
| 260 | 2 | |3 1999-2004 : |a New York : |b Kluwer Academic/Plenum Publishers | |
| 260 | 3 | |3 2004- : |a New York : |b Springer US | |
| 310 | |a Quarterly | ||
| 362 | 0 | |a Vol. 22, issue 1 (Mar. 1997)- | |
| 500 | |a Title from contents screen (publisher's Web site, viewed Mar. 9, 2004). | ||
| 506 | |a License restrictions may limit access. | ||
| 538 | |a Mode of access: World Wide Web. | ||
| 550 | |a Official publication of the Association for Applied Psychophysiology and Biofeedback. | ||
| 588 | 1 | |a Vol. 44, issue 1 (Mar. 2019) (SpringerLink website, viewed Mar. 15, 2019). | |
| 650 | 0 | |a Biofeedback training |v Periodicals. | |
| 650 | 0 | |a Behavior therapy |v Periodicals. | |
| 650 | 0 | |a Psychophysiology |v Periodicals. | |
| 650 | 2 | |a Behavior Therapy. | |
| 650 | 2 | |a Biofeedback, Psychology. | |
| 650 | 2 | |a Psychophysiology. | |
| 650 | 6 | |a Apprentissage par la rétroaction biologique |v Périodiques. | |
| 650 | 6 | |a Thérapie de comportement |v Périodiques. | |
| 650 | 6 | |a Psychophysiologie |v Périodiques. | |
| 650 | 7 | |a Behavior therapy. |2 fast |0 (OCoLC)fst00829929 | |
| 650 | 7 | |a Biofeedback training. |2 fast |0 (OCoLC)fst00832057 | |
| 650 | 7 | |a Psychophysiology. |2 fast |0 (OCoLC)fst01081674 | |
| 650 | 1 | 7 | |a Psychofysiologie. |2 gtt |
| 650 | 1 | 7 | |a Biofeedback. |2 gtt |
| 655 | 0 | |a Electronic journals. | |
| 710 | 2 | |a Association for Applied Psychophysiology and Biofeedback. | |
| 776 | 0 | 8 | |i Print version: |t Applied psychophysiology and biofeedback |x 1090-0586 |w (DLC) 97641000 |w (OCoLC)35196978 |
| 780 | 0 | 0 | |t Biofeedback and self-regulation |w (OCoLC)795428605 |
| 850 | |a DLC | ||
| 856 | 4 | 0 | |z Full text available from Research Library: 03/01/1997 to 1 year ago |u https://search.proquest.com/publication/37406 |